L'art románic a Catalunya (Record no. 134476)

MARC details
000 -LEADER
campo de control de longitud fija 00829nam a22002411 4500
001 - NÚMERO DE CONTROL
campo de control 134476
003 - IDENTIFICADOR DE NÚMERO DE CONTROL
campo de control ES-MaACL
005 - FECHA Y HORA DE LA ÚLTIMA TRANSACCIÓN
campo de control 20230906194700.0
007 - CAMPO FIJO DE DESCRIPCIÓN FÍSICA--INFORMACIÓN GENERAL
campo de control de longitud fija t|
008 - DATOS DE LONGITUD FIJA--INFORMACIÓN GENERAL
campo de control de longitud fija 070911s1974 sp ||||0| cat d
016 7# - NÚMERO DE CONTROL DE UNA AGENCIA BIBLIOGRÁFICA NACIONAL
Número de control cancelado/no válido IND2000944372
040 ## - FUENTE DE CATALOGACIÓN
Centro catalogador/agencia de origen M-BN
Lengua de catalogación spa
Centro/agencia transcriptor CDM
080 ## - NÚMERO DE LA CLASIFICACIÓN DECIMAL UNIVERSAL
Número de la Clasificación Decimal Universal 7.033.4(467.1)"10"(084)
100 1# - ENTRADA PRINCIPAL--NOMBRE DE PERSONA
Nombre de persona Whitehill, Walter Muir.
9 (RLIN) 116700
245 12 - MENCIÓN DEL TÍTULO
Título L'art románic a Catalunya
Resto del título : segle XI /
Mención de responsabilidad, etc. [traducció de Josep Vallverdú] ; text de Walter Muir Whitehill ; fotografies de Jordi Gumi Cardona.
250 ## - MENCION DE EDICION
Mención de edición 2ª ed.
260 ## - PUBLICACIÓN, DISTRIBUCIÓN, ETC.
Lugar de publicación, distribución, etc. Barcelona :
Nombre del editor, distribuidor, etc. Edicions 62,
Fecha de publicación, distribución, etc. 1974.
300 ## - DESCRIPCIÓN FÍSICA
Extensión 61 p.con 108 lám. :
Otras características físicas il. ;
Dimensiones 30 cm.
650 14 - PUNTO DE ACCESO ADICIONAL DE MATERIA--TÉRMINO DE MATERIA
Término de materia o nombre geográfico como elemento de entrada Arte románico-
Subdivisión geográfica Cataluña-
Subdivisión de forma Obras ilustradas.
9 (RLIN) 10303
700 1# - ENTRADA AGREGADA--NOMBRE PERSONAL
Nombre de persona Gumí, Jordi.
9 (RLIN) 60946
700 1# - ENTRADA AGREGADA--NOMBRE PERSONAL
Nombre de persona Vallverdú, Josep.
9 (RLIN) 112965
852 ## - LOCALIZACIÓN
Ubicación ES-MaACL
Número de control de estantería E-6441
Sublocalización o colección R.91030
Holdings
Estatus retirado Estado de pérdida Estado de daño No para préstamo Biblioteca de origen Biblioteca actual Ubicación en estantería Fecha de adquisición Fuente de adquisición Total de préstamos Signatura topográfica completa Código de barras Visto por última vez Precio de reemplazo Tipo de ítem Koha
        Biblioteca del Ateneo de Madrid Biblioteca del Ateneo de Madrid Depósito 2 17/01/2008     E-6441 1139973 23/02/2023 23/02/2023 Libro impreso